La igualdad efectiva de mujeres y hombres: un estudio sobre el impacto institucional de la aplicación de la Ley Orgánica 3-2007, de 22 de marzo, para la igualdad efectiva de mujeres y hombres, en el sistema español de relaciones laborales y de protección social. 2008-2011

שמור ב:
מידע ביבליוגרפי
מחבר ראשי: Palomeque López, Manuel Carlos (autor)
פורמט: ספר
שפה:ספרדית
יצא לאור: Salamanca Ratio Legis 2011
נושאים:
תגים: הוספת תג
אין תגיות, היה/י הראשונ/ה לתייג את הרשומה!

MARC

LEADER 00000cam a2200000 a 4500
001 UCF3793
003 CL-VaPUC
008 121031e20110000SP |||||||||||||||||spa|d
020 |a 9788493975678 
082 0 4 |a 305.42  |b PAL  |2 21 
100 |a Palomeque López, Manuel Carlos  |e autor  |9 565513 
245 1 3 |a La igualdad efectiva de mujeres y hombres: un estudio sobre el impacto institucional de la aplicación de la Ley Orgánica 3-2007, de 22 de marzo, para la igualdad efectiva de mujeres y hombres, en el sistema español de relaciones laborales y de protección social. 2008-2011 
300 |a 194 p 
942 |c BK 
945 |d 20121031 00:00:00  |a dcastane 
260 |a Salamanca  |b Ratio Legis  |c 2011 
650 7 |a ROL DE LA MUJER  |2 CL-VaPUC  |9 399041 
650 0 |a Relaciones laborales   |9 335971 
650 7 |a DERECHO LABORAL  |2 CL-VaPUC  |9 15 
650 7 |a DERECHO LABORAL ESPAÑOL  |2 CL-VaPUC  |9 487211 
650 0 |a Negociación colectiva  |9 312433 
651 0 |a España  |9 254926 
583 |a last modification  |c 20121109 12:52:18  |k Rodrigo Vera 
999 |c 349923  |d 349921 
952 |0 0  |1 0  |4 0  |6 305_420000000000000_PAL_2011  |7 0  |8 A  |9 452810  |a BIBDER  |b BIBDER  |d 2019-11-22  |i 4887468  |o 305.42 PAL 2011  |p 4887468  |r 2023-01-25  |w 2019-11-22  |y BK  |k DER